<A> special extended system and a Newton-like method for simple singular nonlinear equations.

Použitie špeciálneho rozšíreného systému a lokálne kvadraticky konvergentnej metódy newtonovského typu na aproximáciu jednoduchých singulárnych riešení nelineárnych rovníc. Odvodenie vzťahu medzi rozšíreným systémom pre singulárne úlohy a modifikovanými Newtonovými metódami.

Salvato in:
Dettagli Bibliografici
Autore principale: Mei, Z.
Natura: Capitolo di libro
Lingua:inglese
Soggetti:
Tags: Aggiungi Tag
Nessun Tag, puoi essere il primo ad aggiungerne!!

MARC

LEADER 00000naa a2200000 4500
001 r001978
005 20220909073642.4
041 0 |a eng 
044 |a AT 
245 1 0 |a <A> special extended system and a Newton-like method for simple singular nonlinear equations.  |c Z. Mei 
520 |a Použitie špeciálneho rozšíreného systému a lokálne kvadraticky konvergentnej metódy newtonovského typu na aproximáciu jednoduchých singulárnych riešení nelineárnych rovníc. Odvodenie vzťahu medzi rozšíreným systémom pre singulárne úlohy a modifikovanými Newtonovými metódami. 
610 2 0 |a matematika 
610 2 0 |a metódy matematické 
610 2 0 |a algoritmy 
100 1 |a Mei, Z.